000 03053cam a2200493Ka 4500
001 ocn692197033
003 TZ-ArACH
005 20111017111845.0
006 m d
007 cr cnu---unuuu
008 101213s2010 nyua ob 001 0 eng d
016 7 _a015727108
_2Uk
020 _a9780195173482
020 _z9780195173482
020 _z0195173481
035 _a(OCoLC)692197033
040 _aN$T
_beng
_cTZ-ArACH
_dCDX
_dE7B
_dUAB
_dOCLCQ
_dVLB
_dUKMGB
041 _aEng
049 _aTZAA
050 4 _aJC571
_b.T14445
082 0 4 _a323.01
_222
100 1 _aTalbott, W. J.
_92432
245 1 0 _aHuman rights and human well-being
_h[electronic resource] /
_cWilliam J. Talbott.
260 _aNew York :
_bOxford University Press,
_c2010.
300 _a1 online resource (410 p.) :
_bill.
490 1 _aOxford political philosophy
504 _aIncludes bibliographical references and index.
505 0 _aThe consequentialist project for human rights -- Exceptions to libertarian natural rights -- The main principle -- What is well-being? What is equity? -- The two deepest mysteries in moral philosophy -- Security rights -- Epistemological foundations for human rights -- The millian epistemological argument for autonomy rights -- Property rights, contract rights, and other economic rights -- Democratic rights -- Equity rights -- The most reliable judgment standard for weak paternalism -- Liberty rights and privacy rights -- Clarifications and responses to objections -- Conclusion.
520 8 _aExplaining the development of human rights as a process of moral improvement in ground level moral and legal practices, the author considers the process by which moral and legal practices are improved. There is focus on moral improvement and how to apply the model of moral improvement to improvements in the law.
650 0 _aHuman rights
_xPhilosophy.
_92433
650 0 _aHuman rights
_xMoral and ethical aspects.
_92434
650 0 _a Droits de l'homme (Droit international)
_xAspect moral.
_92844
650 0 _aDroits de l'homme (Droit international)
_xPhilosophie.
_92845
650 7 _aPOLITICAL SCIENCE
_xPolitical Freedom & Security
_xCivil Rights.
_92435
650 7 _aPOLITICAL SCIENCE
_xPolitical Freedom & Security
_xHuman Rights.
_92436
776 0 8 _iPrint version:
_aTalbott, W.J.
_tHuman rights and human well-being.
_dNew York : Oxford University Press, 2010
_z9780195173482
_w(DLC) 2009045410
_w(OCoLC)461896026
830 0 _aOxford political philosophy.
_92437
856 4 0 _3ebrary
_uhttp://site.ebrary.com/id/10432510
856 4 0 _3NetLibrary
_uhttp://www.netlibrary.com/urlapi.asp?action=summary&v=1&bookid=348164
856 4 0 _3Oxford Scholarship Online
_uhttp://dx.doi.org/10.1093/acprof:oso/9780195173482.001.0001
942 _2lcc
_cBOOK
999 _c1360
_d1360